000 00353nam a22001457a 4500
999 _c8870
_d8870
003 OSt
008 200713b ||||| |||| 00| 0 eng d
100 _aKumar , Manish
245 _aRemedial Mathematics 1st semester
250 _a2018
260 _aAgra
_b R.Narain
_c2018
300 _a302
650 _aMathematics and Statistics
942 _2ddc
_cBK
_013